SMEP '85 2 konferencia so zahraničnou účasťou

Na minha lista:
Detalhes bibliográficos
Formato: Livro
Idioma:eslovaco
Publicado em: Bratislava Dom techniky ČSVTS 1985
Tags: Adicionar Tag
Sem tags, seja o primeiro a adicionar uma tag!

MARC

LEADER 00000nam a2200000 4500
001 c111054
005 20041019155148.6
041 0 |a slo 
044 |a SK 
245 1 0 |a SMEP '85 2  |b konferencia so zahraničnou účasťou 
264 1 |a Bratislava  |b Dom techniky ČSVTS  |c 1985 
300 |a 211 s.